[Event "GRE-chT 49th"]
[Site "Thessaloniki"]
[Date "2022.08.14"]
[Round "4.3"]
[White "Kotsinis, Alexandros"]
[Black "Spyratos, Nikolaos"]
[Result "1-0"]
[WhiteElo "2102"]
[BlackElo "2276"]
[PlyCount "71"]
[EventDate "2022.08.12"]
[EventType "team-swiss"]
[EventRounds "7"]
[EventCountry "GRE"]
[SourceTitle "CBM 209 Extra"]
[Source "ChessBase"]
[SourceDate "2022.09.30"]
[SourceVersion "1"]
[SourceVersionDate "2022.09.30"]
[SourceQuality "1"]
[WhiteTeam "Erakleioe"]
[BlackTeam "Panionios YS"]
[WhiteTeamCountry "GRE"]
[BlackTeamCountry "GRE"]

1. d4 Nf6 2. Nc3 d5 3. Bf4 a6 4. e3 e6 5. g4 c5 6. g5 Nfd7 7. h4 Nc6 8. Nf3 b5 9. h5 Nb6 10. a4 b4 11. Nb1 Bb7 12. Nbd2 c4 13. Nh2 Bd6 14. Bxd6 Qxd6 15. Ng4 0-0-0 16. h6 g6 17. f4 Nxd4 18. exd4 Qxf4 19. Qf3 Qxd4 20. c3 Qc5 21. Bg2 Rd7 22. Qf6 Rhd8 23. Qd4 Qd6 24. 0-0 Re7 25. Ne5 Qc7 26. cxb4 Kb8 27. Rxf7 Rxf7 28. Nxf7 Rf8 29. Ne5 Rf5 30. Ndf3 Qd6 31. Qc5 Qd8 32. a5 Nc8 33. b5 Nd6 34. bxa6 Ba8 35. a7+ Kb7 36. a6# 1-0

[Event "Kavala op 31st"]
[Site "Kavala"]
[Date "2022.07.27"]
[Round "2"]
[White "Spyratos, Nikolaos"]
[Black "Karthik, Venkataraman"]
[Result "0-1"]
[WhiteElo "2268"]
[BlackElo "2483"]
[PlyCount "116"]
[EventDate "2022.07.26"]
[EventType "swiss"]
[EventRounds "9"]
[EventCountry "GRE"]
[SourceTitle "CBM 209 Extra"]
[Source "ChessBase"]
[SourceDate "2022.09.30"]
[SourceVersion "1"]
[SourceVersionDate "2022.09.30"]
[SourceQuality "1"]

1. d4 Nf6 2. Nf3 g6 3. Bg5 Bg7 4. Nbd2 0-0 5. c3 d6 6. e4 c5 7. dxc5 dxc5 8. Be2 Nc6 9. 0-0 Qc7 10. Qc2 b6 11. a4 Bb7 12. Nc4 h6 13. Bh4 Nh5 14. Rfd1 a6 15. Ne3 e6 16. Nd2 Nf4 17. Bf1 g5 18. Bg3 Ne7 19. f3 h5 20. Ndc4 Bc6 21. Qb3 b5 22. axb5 axb5 23. Rxa8 Rxa8 24. Na3 b4 25. Nac2 bxc3 26. bxc3 Qe5 27. Be1 g4 28. g3 Nfg6 29. f4 Qxe4 30. Bg2 Qa4 31. Qxa4 Rxa4 32. Rd8+ Kh7 33. Bxc6 Nxc6 34. Rd7 Nge7 35. Kg2 Ra2 36. Kf1 Kg6 37. Rc7 Bf6 38. Bd2 Bg7 39. Ke2 f5 40. Kd1 Bf6 41. Nc4 Ra6 42. N4e3 h4 43. gxh4 Bxh4 44. Ke2 Bf6 45. Rb7 Ra4 46. Rb5 Rxf4 47. Rxc5 Rf3 48. Nb4 Nxb4 49. cxb4 Bd4 50. Rc1 Bxe3 51. Bxe3 Nd5 52. Bd2 Rb3 53. Rc4 Rh3 54. b5 Rxh2+ 55. Kd3 Rh3+ 56. Kd4 Rb3 57. Kc5 g3 58. Rc1 f4 0-1

[Event "Paleochora op 15th"]
[Site "Paleochora"]
[Date "2022.07.22"]
[Round "7"]
[White "Spyratos, Nikolaos"]
[Black "David, Alberto"]
[Result "0-1"]
[WhiteElo "2268"]
[BlackElo "2534"]
[PlyCount "40"]
[EventDate "2022.07.17"]
[EventType "swiss"]
[EventRounds "9"]
[EventCountry "GRE"]
[SourceTitle "CBM 209 Extra"]
[Source "ChessBase"]
[SourceDate "2022.09.30"]
[SourceVersion "1"]
[SourceVersionDate "2022.09.30"]
[SourceQuality "1"]

1. d4 Nf6 2. Nf3 b6 3. Bg5 Bb7 4. Nbd2 g6 5. e3 Bg7 6. Be2 d6 7. 0-0 h6 8. Bh4 g5 9. Bg3 Nh5 10. c3 Nd7 11. Re1 e6 12. Nc4 Nxg3 13. hxg3 h5 14. Nfd2 g4 15. f4 gxf3 16. Bxf3 d5 17. Kf2 Qf6 18. Na3 e5 19. e4 h4 20. g4 0-0-0 0-1

[Event "Novi Sad Serbia op-A"]
[Site "Novi Sad"]
[Date "2022.07.01"]
[Round "4"]
[White "Spyratos, Nikolaos"]
[Black "Pecarski, Dragisa"]
[Result "1-0"]
[WhiteElo "2268"]
[BlackElo "2122"]
[PlyCount "99"]
[EventDate "2022.06.28"]
[EventType "swiss"]
[EventRounds "9"]
[EventCountry "SRB"]
[SourceTitle "EXT 2023"]
[Source "ChessBase"]
[SourceDate "2022.10.05"]
[SourceVersion "1"]
[SourceVersionDate "2022.10.05"]
[SourceQuality "1"]

1. e4 e6 2. d4 d5 3. Nd2 Nf6 4. e5 Nfd7 5. Bd3 c5 6. c3 Nc6 7. Ne2 Qb6 8. Nf3 cxd4 9. cxd4 Bb4+ 10. Bd2 Bxd2+ 11. Qxd2 Qb4 12. Rc1 Qxd2+ 13. Kxd2 a6 14. h4 Nb6 15. b3 Bd7 16. h5 h6 17. Nh4 Rc8 18. f4 Nb4 19. Bb1 Ke7 20. Rh3 Rxc1 21. Kxc1 Rc8+ 22. Kd2 Na8 23. Rg3 Kf8 24. Rf3 Nc7 25. Nc3 Nc6 26. Ke3 Ne7 27. g4 Nb5 28. Nxb5 axb5 29. Kd2 Nc6 30. Rd3 b4 31. f5 Na7 32. Rf3 Nb5 33. Rf4 Nc3 34. Bd3 Ra8 35. f6 Rxa2+ 36. Kc1 Rh2 37. fxg7+ Kxg7 38. Nf3 Rf2 39. g5 Be8 40. Rf6 hxg5 41. h6+ Kh8 42. Nxg5 Rxf6 43. exf6 Kg8 44. Kd2 Nb5 45. Bxb5 Bxb5 46. Nxf7 Kh7 47. Nd6 Kxh6 48. Nxb5 Kg6 49. Ke3 Kxf6 50. Kf4 1-0

[Event "Bassano del Grappa Easter op-A 2nd"]
[Site "Bassano del Grappa"]
[Date "2022.04.18"]
[Round "9"]
[White "Spyratos, Nikolaos"]
[Black "Peycheva, Gergana"]
[Result "0-1"]
[WhiteElo "2192"]
[BlackElo "2287"]
[PlyCount "94"]
[EventDate "2022.04.14"]
[EventType "swiss"]
[EventRounds "9"]
[EventCountry "ITA"]
[SourceTitle "EXT 2024"]
[Source "ChessBase"]
[SourceDate "2023.10.10"]
[SourceVersion "1"]
[SourceVersionDate "2023.10.10"]
[SourceQuality "1"]

1. e4 e6 2. d4 d5 3. Nd2 Nc6 4. Ngf3 Nf6 5. Bd3 Nb4 6. e5 Nxd3+ 7. cxd3 Nd7 8. 0-0 Be7 9. a3 a5 10. b3 b6 11. Re1 0-0 12. Bb2 Ba6 13. Nf1 c5 14. Bc3 Rc8 15. Qd2 cxd4 16. Bxd4 Nc5 17. Bxc5 bxc5 18. Ne3 c4 19. dxc4 dxc4 20. Nxc4 Bxc4 21. bxc4 Rxc4 22. Qb2 Qb8 23. Qe2 Rfc8 24. Red1 h6 25. Ne1 Qb3 26. Rd3 Rc3 27. a4 Bb4 28. g3 Qc4 29. Rxc3 Qxc3 30. Rd1 Qb3 31. Ng2 Qxa4 32. Nf4 Qc2 33. Qg4 Qe4 34. Qh5 a4 35. Ra1 a3 36. Qd1 Qxe5 37. Nd3 Qd4 38. Nxb4 Qxb4 39. Qd3 Rc3 40. Qd8+ Kh7 41. Qd1 Qc5 42. Qb1+ Rc2 43. Qf1 a2 44. Qe1 Rb2 45. Qe4+ f5 46. Qxe6 Qxf2+ 47. Kh1 Qg2# 0-1

[Event "EU-ch Hybrid U16"]
[Site "Tornelo INT"]
[Date "2021.10.15"]
[Round "6"]
[White "Gagic, Milan A"]
[Black "Spyratos, Nikolaos"]
[Result "0-1"]
[WhiteElo "2225"]
[BlackElo "2130"]
[PlyCount "84"]
[EventDate "2021.10.15"]
[EventType "swiss"]
[EventRounds "9"]
[EventCountry "NET"]
[SourceTitle "EXT 2023"]
[Source "ChessBase"]
[SourceDate "2022.10.05"]
[SourceVersion "1"]
[SourceVersionDate "2022.10.05"]
[SourceQuality "1"]
[WhiteTeam "Serbia"]
[BlackTeam "Greece"]
[WhiteTeamCountry "SRB"]
[BlackTeamCountry "GRE"]

1. e4 e5 2. Nf3 Nc6 3. Bb5 a6 4. Ba4 g6 5. 0-0 Bg7 6. c3 d6 7. d4 Bd7 8. Re1 b5 9. Bb3 Nf6 10. Bg5 h6 11. Bxf6 Bxf6 12. Nbd2 0-0 13. Bd5 Rb8 14. Bxc6 Bxc6 15. Nb3 Qe7 16. Qe2 Rfe8 17. d5 Bd7 18. c4 Bg7 19. Rac1 c5 20. dxc6 Bxc6 21. c5 d5 22. exd5 Bxd5 23. Red1 Bc4 24. Qe3 Rbc8 25. Nfd2 Bxb3 26. Nxb3 e4 27. Rc2 Red8 28. Rxd8+ Rxd8 29. g3 Qe5 30. c6 Rc8 31. Qd2 Bf6 32. Na5 Bg5 33. Qe2 Qd5 34. b4 Qd3 35. Kf1 Qd4 36. a3 Bd8 37. Nb3 Qd5 38. Nc5 Qxc6 39. Ra2 Bb6 40. Nxe4 f5 41. Rc2 Qxc2 42. Nf6+ Kf7 0-1

[Event "EU-ch Hybrid U16"]
[Site "Tornelo INT"]
[Date "2021.10.15"]
[Round "2"]
[White "Spyratos, Nikolaos"]
[Black "Davtyan, Arsen"]
[Result "0-1"]
[WhiteElo "2130"]
[BlackElo "2261"]
[PlyCount "110"]
[EventDate "2021.10.15"]
[EventType "swiss"]
[EventRounds "9"]
[EventCountry "NET"]
[SourceTitle "EXT 2023"]
[Source "ChessBase"]
[SourceDate "2022.10.05"]
[SourceVersion "1"]
[SourceVersionDate "2022.10.05"]
[SourceQuality "1"]
[WhiteTeam "Greece"]
[BlackTeam "Armenia"]
[WhiteTeamCountry "GRE"]
[BlackTeamCountry "ARM"]

1. e4 c6 2. d4 d5 3. exd5 cxd5 4. Bd3 Nc6 5. c3 Nf6 6. h3 g6 7. Nf3 Bg7 8. 0-0 0-0 9. Bf4 Bf5 10. Bxf5 gxf5 11. Ne1 e6 12. Nd2 b5 13. Nd3 Qb6 14. a4 Rfc8 15. axb5 Qxb5 16. Qe2 a5 17. Rfe1 Nd7 18. Nf3 Re8 19. Qd2 Ne7 20. Rad1 Ng6 21. Bh6 Nf6 22. Bxg7 Kxg7 23. Nfe5 Ra7 24. f3 Rb7 25. g4 fxg4 26. hxg4 Nd7 27. Nxd7 Rxd7 28. Kf2 f6 29. g5 Rf7 30. Re2 fxg5 31. Qxg5 Ref8 32. Ne5 Rf5 33. Qg3 R8f6 34. Rd3 Kh8 35. Rde3 Nf4 36. Rd2 Rg5 37. Ng4 Rff5 38. Ke1 h5 39. Qh2 Kg7 40. Ne5 Qa4 41. Nd3 Qa1+ 42. Rd1 Rg2 43. Qxf4 Rg1+ 44. Kf2 Qxd1 45. Qc7+ Rf7 46. Qe5+ Kg8 47. Ne1 Rg6 48. Qxh5 Rfg7 49. Qh4 Qc1 50. Re2 Rh6 51. Qd8+ Kh7 52. Qd6 Qg5 53. Re3 Qg1+ 54. Ke2 Rh2+ 55. Kd3 Qf1+ 0-1

[Event "EU-ch Hybrid U16"]
[Site "Tornelo INT"]
[Date "2021.10.15"]
[Round "7"]
[White "Spyratos, Nikolaos"]
[Black "Kristoferitsch, Daniel"]
[Result "1/2-1/2"]
[WhiteElo "2130"]
[BlackElo "2290"]
[PlyCount "44"]
[EventDate "2021.10.15"]
[EventType "swiss"]
[EventRounds "9"]
[EventCountry "NET"]
[SourceTitle "EXT 2023"]
[Source "ChessBase"]
[SourceDate "2022.10.05"]
[SourceVersion "1"]
[SourceVersionDate "2022.10.05"]
[SourceQuality "1"]
[WhiteTeam "Greece"]
[BlackTeam "Austria"]
[WhiteTeamCountry "GRE"]
[BlackTeamCountry "AUT"]

1. d4 Nf6 2. c4 e6 3. g3 d5 4. Bg2 Bb4+ 5. Bd2 Be7 6. Nf3 0-0 7. 0-0 c6 8. Qc2 b6 9. Bg5 Bb7 10. Nbd2 Nbd7 11. e4 dxe4 12. Nxe4 Nxe4 13. Bxe7 Qxe7 14. Qxe4 Nf6 15. Qe3 c5 16. Rfd1 cxd4 17. Nxd4 Bxg2 18. Kxg2 Rac8 19. b3 Rfd8 20. Qf3 Qc7 21. Rd2 a6 22. Rad1 h6 1/2-1/2

[Event "GRE-ch U18"]
[Site "Chania"]
[Date "2021.07.17"]
[Round "4"]
[White "Spyratos, Nikolaos"]
[Black "Stefanou, Konstantinos"]
[Result "1/2-1/2"]
[WhiteElo "2030"]
[BlackElo "1930"]
[PlyCount "83"]
[EventDate "2021.07.15"]
[EventType "swiss"]
[EventRounds "9"]
[EventCountry "GRE"]
[SourceTitle "EXT 2022"]
[Source "ChessBase"]
[SourceDate "2021.10.06"]
[SourceVersion "1"]
[SourceVersionDate "2021.10.06"]
[SourceQuality "1"]

1. e4 c5 2. Nf3 Nc6 3. Bb5 g6 4. 0-0 Bg7 5. c3 e5 6. d4 cxd4 7. cxd4 exd4 8. Bf4 a6 9. Bd3 d6 10. Nbd2 Nf6 11. Nc4 0-0 12. Bxd6 Re8 13. e5 Ng4 14. Re1 Be6 15. h3 Bxc4 16. hxg4 Be6 17. Be4 Bxg4 18. Bxc6 bxc6 19. Qxd4 Bxf3 20. gxf3 Qg5+ 21. Qg4 Qd2 22. b3 h5 23. Qe4 Rad8 24. Qxc6 Re6 25. Qc1 Qd5 26. Qd1 Qa8 27. f4 g5 28. f5 Rxe5 29. Bxe5 Rxd1 30. Raxd1 Qf3 31. Rd8+ Kh7 32. Bxg7 Kxg7 33. f6+ Qxf6 34. Rd5 Qf4 35. Re7 h4 36. Rdd7 Qc1+ 37. Kg2 Qc6+ 38. Kh2 Qf3 39. Rxf7+ Qxf7 40. Rxf7+ Kxf7 41. Kh3 Ke6 42. b4 1/2-1/2

[Event "GRE-ch U18"]
[Site "Chania"]
[Date "2021.07.15"]
[Round "1"]
[White "Stralis, Georgios"]
[Black "Spyratos, Nikolaos"]
[Result "0-1"]
[WhiteElo "1318"]
[BlackElo "2030"]
[PlyCount "78"]
[EventDate "2021.07.15"]
[EventType "swiss"]
[EventRounds "9"]
[EventCountry "GRE"]
[SourceTitle "EXT 2022"]
[Source "ChessBase"]
[SourceDate "2021.10.06"]
[SourceVersion "1"]
[SourceVersionDate "2021.10.06"]
[SourceQuality "1"]

1. d4 Nf6 2. Bg5 d5 3. f3 c5 4. c3 Nc6 5. e3 Qb6 6. Qd2 e6 7. Bd3 Be7 8. Ne2 e5 9. dxe5 Nxe5 10. Bc2 Nc4 11. Qc1 Qxb2 12. Qxb2 Nxb2 13. Na3 0-0 14. Rb1 Nc4 15. Nxc4 dxc4 16. g4 b6 17. h4 Bb7 18. Rh3 Rfe8 19. Kf2 Bc6 20. Bxf6 Bxf6 21. g5 Be5 22. f4 Bc7 23. Rg1 Rad8 24. Rhg3 Rd2 25. Bd1 Red8 26. g6 hxg6 27. Rg5 Rxd1 28. R1g3 Rh1 29. R3g4 Rd2 30. f5 Rh2+ 31. Rg2 Rxg2+ 32. Rxg2 Bxg2 33. fxg6 fxg6 34. Ke1 Rxa2 35. Kf2 Be4 36. Ke1 Bf3 37. Nc1 Bg3+ 38. Kf1 Ra1 39. h5 Rxc1# 0-1

[Event "EU-ch Amateur Online Final 2000/2300"]
[Site "Tornelo INT"]
[Date "2021.04.28"]
[Round "2"]
[White "Malesevic, Nedeljko"]
[Black "Spyratos, Nikolaos"]
[Result "0-1"]
[WhiteElo "2245"]
[BlackElo "2030"]
[PlyCount "92"]
[EventDate "2021.04.28"]
[EventType "swiss (rapid)"]
[EventRounds "9"]
[EventCountry "NET"]
[SourceTitle "EXT 2023"]
[Source "ChessBase"]
[SourceDate "2022.10.05"]
[SourceVersion "1"]
[SourceVersionDate "2022.10.05"]
[SourceQuality "1"]

1. d4 Nf6 2. c4 e6 3. Nf3 Bb4+ 4. Nbd2 d6 5. a3 Bxd2+ 6. Bxd2 Qe7 7. Bc3 Ne4 8. Rc1 Nd7 9. e3 Nxc3 10. Rxc3 e5 11. Be2 0-0 12. 0-0 Nf6 13. d5 Bf5 14. Nd2 a5 15. f3 e4 16. f4 c6 17. dxc6 bxc6 18. Nb3 c5 19. Qc2 a4 20. Nd2 d5 21. cxd5 Nxd5 22. Rxc5 Nxe3 23. Qc3 Nxf1 24. Nxf1 Rac8 25. Rxc8 Rxc8 26. Qa5 Qc5+ 27. Qxc5 Rxc5 28. Ne3 Rc1+ 29. Kf2 Be6 30. Nd1 Rb1 31. Nc3 Rxb2 32. Nxa4 Ra2 33. Nc3 Rxa3 34. Nxe4 Ra4 35. Ke3 Bd5 36. Bf3 Ra3+ 37. Kf2 Ra2+ 38. Ke3 Bxe4 39. Bxe4 g6 40. h3 Kg7 41. Kf3 h5 42. h4 Ra3+ 43. Kf2 Kf6 44. Bb1 Rb3 45. Be4 Rb2+ 46. Kf3 Ke6 0-1

[Event "GRE-ch Online Blitz op 1st"]
[Site "Tornelo INT"]
[Date "2021.02.07"]
[Round "16"]
[White "Laggousis, Andreas"]
[Black "Spyratos, Nikolaos"]
[Result "1/2-1/2"]
[WhiteElo "1856"]
[BlackElo "1697"]
[PlyCount "103"]
[EventDate "2021.02.07"]
[EventType "swiss (blitz)"]
[EventRounds "16"]
[EventCountry "GRE"]
[SourceTitle "EXT 2023"]
[Source "ChessBase"]
[SourceDate "2022.10.05"]
[SourceVersion "1"]
[SourceVersionDate "2022.10.05"]
[SourceQuality "1"]

1. e4 e5 2. Nf3 Nc6 3. c3 d5 4. Qa4 f6 5. Bb5 Nge7 6. 0-0 a6 7. exd5 Qxd5 8. Bc4 b5 9. Bxd5 bxa4 10. Bc4 Bg4 11. d3 Nc8 12. Nbd2 Nb6 13. h3 Bf5 14. Re1 Nxc4 15. dxc4 Bc5 16. Ne4 Bxe4 17. Rxe4 0-0 18. b4 axb3 19. axb3 a5 20. Re1 Rab8 21. Rb1 Rb6 22. Be3 Bxe3 23. Rxe3 Rfb8 24. Nd2 Kf7 25. Kf1 Nd8 26. Rd3 Ke7 27. Rd5 Ra8 28. Ra1 Rba6 29. Ra4 c6 30. Rd3 Ne6 31. b4 axb4 32. Rxa6 Rxa6 33. cxb4 Ra1+ 34. Ke2 Nf4+ 35. Ke3 Nxd3 36. Kxd3 f5 37. f3 Kd6 38. g4 g6 39. Ke3 Rh1 40. b5 cxb5 41. cxb5 Kc5 42. b6 Kxb6 43. Nc4+ Kc5 44. Nxe5 Rxh3 45. gxf5 Kd5 46. Nd3 Rh4 47. fxg6 hxg6 48. Nf4+ Kd6 49. Nxg6 Ra4 50. Nf4 Ra3+ 51. Ke4 Rxf3 52. Kxf3 1/2-1/2

[Event "GRE-ch Online Blitz op 1st"]
[Site "Tornelo INT"]
[Date "2021.02.07"]
[Round "10"]
[White "Pavlidis, Anastasios"]
[Black "Spyratos, Nikolaos"]
[Result "1-0"]
[WhiteElo "2136"]
[BlackElo "1697"]
[PlyCount "99"]
[EventDate "2021.02.07"]
[EventType "swiss (blitz)"]
[EventRounds "16"]
[EventCountry "GRE"]
[SourceTitle "EXT 2023"]
[Source "ChessBase"]
[SourceDate "2022.10.05"]
[SourceVersion "1"]
[SourceVersionDate "2022.10.05"]
[SourceQuality "1"]

1. d4 Nf6 2. c4 e6 3. Nf3 Bb4+ 4. Nbd2 d6 5. a3 Bxd2+ 6. Qxd2 Nbd7 7. e3 e5 8. dxe5 dxe5 9. b4 0-0 10. Bb2 Qe7 11. Be2 c6 12. 0-0 Re8 13. Rfd1 e4 14. Nd4 Ne5 15. h3 Be6 16. Nxe6 Qxe6 17. Qc3 Ng6 18. Qd4 h6 19. Qd6 Qxd6 20. Rxd6 Ne5 21. Rad1 Kh7 22. f4 exf3 23. gxf3 Nh5 24. Kf2 Nf6 25. Bf1 Re7 26. Bd3+ Nxd3+ 27. R1xd3 Ne8 28. Rd7 Rxd7 29. Rxd7 Kg6 30. c5 b6 31. Bd4 b5 32. e4 a5 33. Bc3 axb4 34. Bxb4 Rc8 35. Ke3 Kf6 36. f4 Ke6 37. Rd4 g6 38. Bc3 Nc7 39. Rd6+ Ke7 40. Rxc6 Kd7 41. Rd6+ Ke8 42. Bf6 Ne6 43. c6 Nc5 44. Kd4 Ne6+ 45. Ke3 Nc7 46. f5 gxf5 47. exf5 Na6 48. Kd4 Nc7 49. Kc5 Ra8 50. Kb6 1-0

[Event "GRE-ch Online Blitz op 1st"]
[Site "Tornelo INT"]
[Date "2021.02.07"]
[Round "1"]
[White "Spyratos, Nikolaos"]
[Black "Siakavaras, Konstantinos"]
[Result "1-0"]
[WhiteElo "1697"]
[BlackElo "1116"]
[PlyCount "109"]
[EventDate "2021.02.07"]
[EventType "swiss (blitz)"]
[EventRounds "16"]
[EventCountry "GRE"]
[SourceTitle "EXT 2023"]
[Source "ChessBase"]
[SourceDate "2022.10.05"]
[SourceVersion "1"]
[SourceVersionDate "2022.10.05"]
[SourceQuality "1"]

1. d4 d5 2. c4 dxc4 3. Nf3 Nc6 4. e3 Bg4 5. Bxc4 Nf6 6. 0-0 e6 7. h3 Bh5 8. Nc3 Be7 9. Be2 0-0 10. b3 Re8 11. Bb2 Bb4 12. a3 Bd6 13. Rc1 Qe7 14. Nb5 a6 15. Nxd6 Qxd6 16. Nd2 Bxe2 17. Qxe2 e5 18. dxe5 Nxe5 19. Rfd1 Qd3 20. Kf1 Qxe2+ 21. Kxe2 c6 22. Nf3 Nxf3 23. Kxf3 Red8 24. Bxf6 Rxd1 25. Rxd1 gxf6 26. Rd7 Rb8 27. b4 Kg7 28. g4 Kg6 29. Kf4 h6 30. h4 Kg7 31. h5 Kg8 32. Kf5 Kg7 33. e4 Kg8 34. Kxf6 Kf8 35. Rxf7+ Ke8 36. Rh7 Rd8 37. Rh8+ Kd7 38. Rxd8+ Kxd8 39. Kf7 Kc7 40. e5 Kb6 41. e6 Kb5 42. e7 Ka4 43. e8Q Kxa3 44. Qb8 b5 45. Qb6 Kxb4 46. Qxa6 c5 47. g5 c4 48. gxh6 c3 49. h7 c2 50. Qa1 Kb3 51. h8Q b4 52. Qhb2+ Kc4 53. Qxc2+ Kb5 54. Qaa4+ Kb6 55. Qcc6# 1-0

[Event "GRE-ch South U16"]
[Site "Athens"]
[Date "2020.09.03"]
[Round "9"]
[White "Papidakis, Georgios"]
[Black "Spyratos, Nikolaos"]
[Result "1/2-1/2"]
[WhiteElo "1983"]
[BlackElo "1973"]
[PlyCount "37"]
[EventDate "2020.08.28"]
[EventType "swiss"]
[EventRounds "9"]
[EventCountry "GRE"]
[SourceTitle "EXT 2023"]
[Source "ChessBase"]
[SourceDate "2022.10.05"]
[SourceVersion "1"]
[SourceVersionDate "2022.10.05"]
[SourceQuality "1"]

1. Nf3 Nf6 2. c4 c6 3. g3 d5 4. Bg2 dxc4 5. 0-0 Nbd7 6. Na3 Nb6 7. Qc2 Be6 8. Ng5 Bg4 9. Nxc4 Bxe2 10. Ne5 Bh5 11. Re1 h6 12. Ne4 e6 13. Nxf6+ gxf6 14. Bxc6+ bxc6 15. Qxc6+ Ke7 16. Qb7+ Ke8 17. Qc6+ Ke7 18. Qb7+ Ke8 19. Qc6+ 1/2-1/2

[Event "Paleochora op 13th"]
[Site "Paleochora"]
[Date "2020.07.18"]
[Round "1"]
[White "Basso, Pier Luigi"]
[Black "Spyratos, Nikolaos"]
[Result "1-0"]
[WhiteElo "2596"]
[BlackElo "1868"]
[PlyCount "65"]
[EventDate "2020.07.18"]
[EventType "swiss"]
[EventRounds "9"]
[EventCountry "GRE"]
[SourceTitle "CBM 197 Extra"]
[Source "ChessBase"]
[SourceDate "2020.09.30"]
[SourceVersion "1"]
[SourceVersionDate "2020.09.30"]
[SourceQuality "1"]

1. d4 Nf6 2. c4 e6 3. Nc3 Bb4 4. Qc2 Nc6 5. Nf3 d6 6. Bd2 e5 7. a3 Bxc3 8. Bxc3 Qe7 9. d5 Nb8 10. e3 0-0 11. Nd2 Nbd7 12. b4 Re8 13. Bd3 Nf8 14. f3 c6 15. dxc6 bxc6 16. 0-0 Nh5 17. Rad1 g6 18. g4 Ng7 19. Ne4 f5 20. gxf5 Nxf5 21. Qf2 d5 22. cxd5 cxd5 23. Ng3 Nh4 24. Bb5 Bb7 25. Bxe8 Rxe8 26. Qa2 Qf7 27. f4 exf4 28. Rxf4 Qe6 29. Bd4 g5 30. Rf6 Qg4 31. Rdf1 Ne6 32. Qf2 Ba6 33. Rg6+ 1-0